| Поле | Инд. | ПП | Название | Значение |
|---|---|---|---|---|
| Тип записи | a | |||
| Библиографический уровень | b | |||
| 001 | Контрольный номер | UNIDUBNA2f8783df55b54947b542fe66e24c26ae | ||
| 005 | Дата корректировки | 20260407121517.7 | ||
| 008 | Кодируемые данные | 20170331 | ||
| 040 | b | Код языка каталог. | rus | |
| e | Правила каталог. | PSBO | ||
| 041 | 0_ | a | Код языка текста | rus |
| 084 | a | Индекс другой классификации/Индекс ББК | 67.410.2 | |
| 100 | 1_ | a | Автор | Гейнце О. В. |
| q | Полное имя | Гейнце Ольга Викторовна | ||
| 245 | 10 | a | Заглавие | Новеллы взаимодействия суда и участников процесса в условиях пандемии |
| 520 | 0_ | a | Аннотация | В статье анализируются вопросы, связанные с организацией взаимодействия суда и участников уголовного судопроизводства в условиях пандемии. Рассмотрены процессуальные вопросы, возникающие при отправлении правосудия по уголовным делам, связанные с дистанционным участием в судебном заседании, организацией судебного процесса в условиях режима повышенной готовности. Проанализирована судебная практика по рассмотрению уголовных дел и материалов неотложного характера, практика применения дистанционного участия для рассмотрения уголовных дел по первой инстанции, процессуальные основания к отмене судебных решений, постановленных в таком порядке, вышестоящими судебными инстанциями. Выявлены проблемы в правоприменительной практике, отсутствие единообразия, недостаточность нормативно-правового регулирования, обозначены вопросы, требующие перспективных законодательных решений |
| 650 | 14 | a | Основная рубрика | право |
| a | Основная рубрика | процессуальное право | ||
| a | Основная рубрика | судопроизводство | ||
| a | Основная рубрика | уголовное процессуальное право | ||
| 653 | 0_ | a | Ключевые слова | дистанционное участие |
| a | Ключевые слова | пандемия | ||
| a | Ключевые слова | права человека | ||
| a | Ключевые слова | судебные процессы | ||
| a | Ключевые слова | уголовное судопроизводство | ||
| a | Ключевые слова | Уголовно-процессуальный кодекс РФ | ||
| a | Ключевые слова | уголовный процесс | ||
| a | Ключевые слова | участники уголовного процесса | ||
| 773 | 08 | t | Заглавие источника | Российская юстиция |
| d | Дата издания источника | 2021 | ||
| g | Прочая информация | № 5. - С. 12 - 18 | ||
| w | Контрольный № источника | 7fe8f1301f51420c9d79fa9c7e9a2e7e | ||
| 901 | t | Тип документа | b |